Équipe de France féminine de Football - Toutes les joueuses (2010-...) - Statistiques

Statistiques générales
  • Ce quiz a été pris 758 fois
  • Le résultat moyen est 24 sur 87
Statistiques - réponses
Première sélection Dernière sélection Joueur Nb de sélections % Correct
2009 Eugénie Le Sommer 175
96%
2011 Wendie Renard 126
95%
2009 Amandine Henry 92
85%
2016 Sakina Karchaoui 43
83%
2021 Selma Bacha 2
78%
2018 Marie-Antoinette Katoto 23
76%
2016 Delphine Cascarino 36
74%
2017 Estelle Cascarino 5
74%
2014 Kadidiatou Diani 67
73%
2013 Griedge Mbock Bathy 62
60%
2014 Amel Majri 66
59%
2019 Elisa de Almeida 14
58%
2004 2020 Sarah Bouhaddi 149
58%
2017 Grace Geyoro 45
57%
2016 Eve Périsset 30
55%
2019 Pauline Peyraud-Magnin 21
55%
2014 Kenza Dali 39
53%
2001 2017 Camille Abily 183
51%
2013 Sandie Toletti 22
48%
2020 Clara Matéo 6
47%
2007 2019 Gaëtane Thiney 163
47%
2005 2016 Louisa Nécib 145
45%
2017 Marion Torrent 40
44%
2020 Sandy Baltimore 8
43%
2020 Solène Durand 1
39%
2000 2013 Sonia Bompastor 156
39%
2005 2016 Laure Boulleau 65
38%
2020 Melvine Malard 7
37%
2012 Viviane Asseyi 53
35%
2012 Kheira Hamraoui 36
34%
2003 2019 Elise Bussaglia 192
33%
2015 Valérie Gauvin 37
30%
2015 Charlotte Bilbault 39
29%
2016 Aïssatou Tounkara 29
28%
2001 2018 Laura Georges 188
28%
2017 Léa Le Garrec 4
28%
2005 2017 Elodie Thomis 141
26%
1997 2013 Sandrine Soubeyrand 198
25%
2017 Ouleymata Sarr 13
22%
2020 Perle Morroni 11
21%
2017 Hawa Cissoko 4
20%
2009 2020 Marie-Laure Delie 123
20%
2017 Aminata Diallo 7
18%
2021 Naomie Feller 1
17%
2020 Oriane Jean-François 1
17%
2008 2018 Jessica Houara 64
16%
2021 Kessya Bussy 3
16%
2003 2014 Corine Petit 89
15%
2021 Ella Palis 4
15%
2014 Claire Lavogez 35
13%
2018 Emelyne Laurent 7
13%
2018 Julie Debever 3
13%
2012 2016 Sabrina Delannoy 39
12%
2018 Maéva Clemaron 6
10%
2013 Annaïg Butel 10
9%
2021 Léa Khelifi 4
9%
2015 Méline Gérard 12
9%
2011 Camille Catala 31
8%
2015 Clarisse Le Bihan 16
8%
2012 2016 Julie Soyer 10
8%
2009 Laëtitia Philippe 4
8%
2000 2012 Sabrina Viguier 92
8%
2002 2016 Céline Deville 65
7%
2017 2018 Faustine Robert 2
7%
2005 2011 Laure Lepailleur 38
7%
2015 Marie-Charlotte Léger 9
7%
2006 2013 Sandrine Brétigny 22
7%
2021 Grace Kazadi 1
6%
2017 Inès Jaurena 4
6%
2007 Karima Benameur 5
6%
2003 2013 Ophélie Meilleroux 65
6%
2013 Aurélie Kaci 6
5%
2007 2011 Caroline Pizzala 17
5%
2006 2010 Delphine Blanc 14
5%
2011 2016 Kelly Gadéa 5
5%
2002 2014 Laëtitia Tonazzi 66
5%
2003 2011 Bérangère Sapowicz 23
4%
2014 2015 Marine Dafeur 2
4%
2017 2017 Nadjma Ali Nadjim 1
4%
2003 2017 Sandrine Dusang 47
4%
2017 2017 Théa Greboval 1
4%
2003 2010 Amélie Coquet 17
3%
1994 2010 Candie Herbert 83
3%
2012 Marina Makanza 15
3%
2010 2010 Pauline Crammer 1
3%
2009 2010 Siga Tandia 3
3%
2011 2011 Léa Rubio 1
2%
Aucun quiz correspondant
Distribution des résultats
% des personnes avec chaque résultat
Percentile par nombre de réponses
Votre historique - résultats
Vous n’avez pas pris ce quiz